00810nam a2200181 a 450000100100000000500170001000800410002704000250006808200150009310000370010824500720014526000640021730000300028104900090031195201720032095201190049299900170061100003219120200930063516.0090831s1950 dr c 000 0 spa d aDO-SdBNPbspacBNPHU axxxbM828p1 aMorales Castillo, Antonio91794410aProyecciones de una política agraria /cAntonio Morales Castillo. aCiudad Trujillo, República Dominicana :bMontalvo,c1950. a214 p. :bretr. ;c23 cm. aBNPD 001050718RVaPDbPDcHDd2011-07-13iLF1l0oxxx M828pp32191-10r2020-06-25w2020-06-25y1zPerteneció a la biblioteca personal de Martínez Boog.ZNo se presta 001050718RVaPDbPDcCTd2011-07-26iLF1l0oxxx M828pp32191-20r2020-06-25te. 2w2020-06-25y1ZNo se presta c31682d31682